Úloha a význam marketingu pri poskytovaní ďalšieho vzdelávania

Marketing a vzdelávacia sféra. Hlavné prínosy uplaňovania marketingových aktivít vo vzdelávacej sfére. Marketingový manažment a anlýza dopytu trhu vzdelávania. Segmentácia trhu vzdelávacích služieb. Prevaha systému podnikového vzdelávania.

Saved in:
Bibliographic Details
Main Author: Matulčíková, Marta, 1964-
Format: Book Chapter
Language:Slovak
Subjects:
Tags: Add Tag
No Tags, Be the first to tag this record!

MARC

LEADER 00000naa$a2200000$$$4500
001 0054757
005 20240502071629.3
041 0 |a slo 
044 |a SK 
245 1 0 |a Úloha a význam marketingu pri poskytovaní ďalšieho vzdelávania  |c Marta Matulčíková 
520 |a Marketing a vzdelávacia sféra. Hlavné prínosy uplaňovania marketingových aktivít vo vzdelávacej sfére. Marketingový manažment a anlýza dopytu trhu vzdelávania. Segmentácia trhu vzdelávacích služieb. Prevaha systému podnikového vzdelávania. 
610 2 0 |a vzdelávanie 
610 2 0 |a vyučovanie 
610 2 0 |a vzdelávanie dospelých 
610 2 0 |a vedomosti 
610 2 0 |a kurzy 
610 2 0 |a informácie 
610 2 0 |a marketing 
610 2 0 |a segmentácia trhu 
610 2 0 |a nástroje marketingové 
100 1 |a Matulčíková, Marta, 1964-